| 000 | 00835nam a2200265 a 4500 | ||
|---|---|---|---|
| 001 | 68547 | ||
| 003 | BD-RjUL | ||
| 005 | 20211209081802.0 | ||
| 008 | 170403r19691967enkabe b 001 0 eng d | ||
| 020 | _a0416132901 | ||
| 035 | _a(BD-RjUL)68757 | ||
| 040 |
_aDLC _cDLC _dDLC _dBD-RjUL _beng |
||
| 041 | _aeng | ||
| 082 | 0 | 0 |
_223 _a330.952 _bDEJ 1969 |
| 100 | 1 |
_aDempster, Prue. _9203160 |
|
| 245 | 1 | 0 |
_aJapan advances: A geographical study / _cPrue Dempster ;cartography by K. J. Wass. |
| 250 | _a2nd ed. | ||
| 260 |
_aLondon : _bMethuen & Co. Ltd., _c1969. |
||
| 300 |
_axviii, 332 p. : _bill. ; _c25 cm. |
||
| 500 | _aDistributed in the U.S.A. by Barnes & Noble. | ||
| 504 | _aBibliography: p. 311-321. | ||
| 650 |
_aJapan _xEconomic conditions. _9203161 |
||
| 651 | 0 |
_aJapan _xEconomic conditions _xMaps. _9203162 |
|
| 942 |
_2ddc _cBK |
||
| 999 |
_c68547 _d68547 |
||